Textile Testing Textile Engineering (Record no. 7094)

MARC details
000 -LEADER
fixed length control field 00307nam a2200121Ia 4500
008 - FIXED-LENGTH DATA ELEMENTS--GENERAL INFORMATION
fixed length control field 191201s2019 xx 000 0 und d
100 ## - MAIN ENTRY--PERSONAL NAME
Personal name Engineers Academy
245 #0 - TITLE STATEMENT
Title Textile Testing Textile Engineering
260 ## - PUBLICATION, DISTRIBUTION, ETC. (IMPRINT)
Name of publisher, distributor, etc Engineers Academy Pub
Date of publication, distribution, etc 2019
300 ## - PHYSICAL DESCRIPTION
Extent 136
650 ## - SUBJECT ADDED ENTRY--TOPICAL TERM
Topical term or geographic name as entry element B.Tech(TE)
942 ## - ADDED ENTRY ELEMENTS (KOHA)
Source of classification or shelving scheme Dewey Decimal Classification
Koha item type Text Books
Holdings
Withdrawn status Lost status Source of classification or shelving scheme Damaged status Not for loan Collection code Home library Current library Date acquired Source of acquisition Cost, normal purchase price Bill Number Total Checkouts Acc. no. / Barcode Date last seen Actual Cost, discounted price Bill Date Koha item type Date last borrowed
    Dewey Decimal Classification     B.Tech(TE) PIET C-LIBRARY PIET C-LIBRARY 21/07/2020 Engineers Academy Pub 150.00 EA/1945   31434 04/12/2019 150.00 03/09/2019 Text Books  
    Dewey Decimal Classification     B.Tech(TE) PIET C-LIBRARY PIET C-LIBRARY 21/07/2020 Engineers Academy Pub 150.00 EA/1945 7 31435 22/01/2026 150.00 03/09/2019 Text Books 20/01/2026
    Dewey Decimal Classification     B.Tech(TE) PIET C-LIBRARY PIET C-LIBRARY 21/07/2020 Engineers Academy Pub 150.00 EA/1945 7 31436 13/12/2025 150.00 03/09/2019 Text Books 02/12/2025
    Dewey Decimal Classification     B.Tech(TE) PIET C-LIBRARY PIET C-LIBRARY 21/07/2020 Engineers Academy Pub 150.00 EA/1945 10 31437 29/09/2025 150.00 03/09/2019 Text Books 16/09/2025
    Dewey Decimal Classification     B.Tech(TE) PIET C-LIBRARY PIET C-LIBRARY 21/07/2020 Engineers Academy Pub 150.00 EA/1945 5 31438 22/01/2026 150.00 03/09/2019 Text Books 20/01/2026

Design & Developed by: PIET Central Library
R70 Miles Stone Pattikalyana Samalkha Panipat 132102
mail ID :- [email protected], Phone No:- 0180-2569700 Ex.216